| 000 | 00347 a2200133 4500 | ||
|---|---|---|---|
| 001 | 88860 | ||
| 082 | _aPR 783 | ||
| 090 |
_c42001 _d42001 |
||
| 100 | _aPourmahram, A.A | ||
| 245 | _aCalibration of supersonic windtunnel using pneumatic calibrator | ||
| 260 |
_aKarachi _bNED _c1981 |
||
| 300 |
_a90p. _eSajid Hussain |
||
| 500 | _aBE Project Reports | ||
| 942 |
_aCAE NUST _kPR 783 |
||
| 999 |
_c323933 _d323933 |
||